El desarrollo de la lengua oral en el aula: Estrategias para enseñar a escuchar y hablar
Na minha lista:
| Autor principal: | |
|---|---|
| Outros Autores: | |
| Formato: | Livro |
| Idioma: | espanhol |
| Publicado em: |
Rosario
Homo Sapiens
2006
|
| Edição: | 1a. ed |
| Assuntos: | |
| Tags: |
Adicionar Tag
Sem tags, seja o primeiro a adicionar uma tag!
|
MARC
| LEADER | 00000nam a2200000 a 4500 | ||
|---|---|---|---|
| 001 | UCH2641 | ||
| 003 | CL-VaPUC | ||
| 008 | 090618e20060000AG |||||||||||||||||spa|d | ||
| 020 | |a 9508084928 | ||
| 082 | 0 | 4 | |a 372.62 |b AVE |2 21 |
| 100 | |a Avendaño, Fernando Carlos |e author |9 537610 | ||
| 700 | |a Miretti, María Luisa |e autora |9 537611 | ||
| 245 | 1 | 3 | |a El desarrollo de la lengua oral en el aula: Estrategias para enseñar a escuchar y hablar |
| 250 | |a 1a. ed | ||
| 300 | |a 143 p | ||
| 942 | |c BK | ||
| 945 | |d 20090618 00:00:00 |a dcastane | ||
| 260 | |a Rosario |b Homo Sapiens |c 2006 | ||
| 650 | 7 | |a ENSEÑANZA DE LA LENGUA |2 CL-VaPUC |9 390747 | |
| 650 | 7 | |a EDUCACION INFANTIL |2 CL-VaPUC |9 537612 | |
| 650 | 0 | |a Expresión oral |9 334815 | |
| 583 | |a last modification |c 20090618 00:00:00 |k Rodrigo Vera | ||
| 999 | |c 334363 |d 334361 | ||
| 952 | |0 0 |1 0 |4 0 |6 372_620000000000000_AVE_2006 |7 0 |8 A |9 423341 |a BIBEDU |b BIBEDU |c ES_NOD |d 2019-11-22 |i 4563484 |o 372.62 AVE 2006 |p 4563484 |r 2023-08-09 |w 2019-11-22 |y BK |k PAR | ||